The law of landlord and tenant, with a copious collection of useful forms (Record no. 94290)
[ view plain ]
| 000 -LEADER | |
|---|---|
| fixed length control field | 00522cam a2200205 4500 |
| 001 - CONTROL NUMBER | |
| control field | D5628 |
| 008 - FIXED-LENGTH DATA ELEMENTS--GENERAL INFORMATION | |
| fixed length control field | 090401t1904 xxu||||| |||| 00| 0 eng d |
| 035 ## - SYSTEM CONTROL NUMBER | |
| System control number | (Sirsi) u61068 |
| 041 ## - LANGUAGE CODE | |
| Language code of text/sound track or separate title | eng |
| 050 ## - LIBRARY OF CONGRESS CALL NUMBER | |
| Classification number | 346.410434 |
| 100 ## - MAIN ENTRY--PERSONAL NAME | |
| Personal name | Holdsworth, W.A. |
| 245 #4 - TITLE STATEMENT | |
| Title | The law of landlord and tenant, with a copious collection of useful forms |
| 250 ## - EDITION STATEMENT | |
| Edition statement | 48th |
| 260 ## - PUBLICATION, DISTRIBUTION, ETC. | |
| Place of publication, distribution, etc. | London |
| Name of publisher, distributor, etc. | George Routledge |
| Date of publication, distribution, etc. | 1904 |
| 300 ## - PHYSICAL DESCRIPTION | |
| Extent | xii. 243p. 17cm |
| 350 ## - PRICE (NR) (BK AM CF MU VM SE) [OBSOLETE] | |
| Price | 0 |
| 700 ## - ADDED ENTRY--PERSONAL NAME | |
| Personal name | Waley, J.F (ed) |
| 942 ## - ADDED ENTRY ELEMENTS (KOHA) | |
| Suppress in OPAC | 0 |
| 948 ## - LOCAL PROCESSING INFORMATION (OCLC); SERIES PART DESIGNATOR (RLIN) | |
| c (OCLC) | 04/03/1997 |
| Withdrawn status | Lost status | Source of classification or shelving scheme | Damaged status | Not for loan | Home library | Current library | Shelving location | Date acquired | Total Checkouts | Full call number | Barcode | Date last seen | Copy number | Price effective from | Koha item type |
|---|---|---|---|---|---|---|---|---|---|---|---|---|---|---|---|
| Dewey Decimal Classification | London | London | Basement | 14/09/1999 | SHELF 117 | 30009911 | 06/08/2019 | 1 | 06/08/2019 | Reference material |